Dizionario delle italiane per bene e per male /

Na minha lista:
Detalhes bibliográficos
Autor principal: Centonze, Nenè (Author)
Formato: Livro
Idioma:Língua italiana
Publicado em: Milano : La Tartaruga, 1983
Assuntos:
Tags: Adicionar Tag
Sem tags, seja o primeiro a adicionar uma tag!

MARC

LEADER 00000nam a22000007i 4500
001 IT\ICCU\CFI\0038274
003 ItRI
005 20260115232431.0
008 870908s1983 it |||||| ||||| |||||c
040 |b ita  |c importazione bologna sebina 
041 7 |a ita  |2 ISO-639-2 
082 |a 920.72  |9 BIOGRAFIE COLLETTIVE SECONDO IL SESSO. DONNE  |2 18 
100 1 |a Centonze, Nenè  |0 IT\ICCU\ANAV\008727  |4 aut 
240 1 0 |a Dizionario delle italiane per bene e per male  |3 IT\ICCU\USM\0070098  |9 Centonze, Nenè 
245 1 0 |a Dizionario delle italiane per bene e per male /  |c Antonietta Drago. 
260 |a Milano :  |b La Tartaruga,  |c 1983 
300 |a 187 p. ;  |c 20 cm 
650 7 |a Donne celebri  |x Italia  |x Sec. 18.-20.  |2 scbi 
790 1 |a Centonze Drago, Antonietta  |3 IT\ICCU\SBNV\039550  |z Centonze, Nenè 
790 1 |a Drago, Antonietta  |3 IT\ICCU\SBNV\099909  |z Centonze, Nenè 
942 |2 ddc  |c BK  |n 0 
952 |0 0  |1 0  |4 0  |6 DOC_920_720000000000000_DRA  |7 0  |9 25673  |a BO  |b BO  |d 2026-01-15  |i 2248  |l 0  |o DOC 920.72 DRA  |p BO2248  |r 2026-01-15 23:24:31  |w 2026-01-15  |x [Sebina 7] [1 v.]  |y BK  |z 1 v. 
999 |c 21782  |d 21782